MARC details
| 000 -LEADER |
| fixed length control field |
01069 a2200313 4500 |
| 001 - CONTROL NUMBER |
| control field |
200130989 |
| 003 - CONTROL NUMBER IDENTIFIER |
| control field |
TR-AnTOB |
| 005 - DATE AND TIME OF LATEST TRANSACTION |
| control field |
20200812163050.0 |
| 008 - FIXED-LENGTH DATA ELEMENTS--GENERAL INFORMATION |
| fixed length control field |
131206p19952013enk 001 0 |
| 020 ## - INTERNATIONAL STANDARD BOOK NUMBER |
| International Standard Book Number |
9780857423198 |
| 040 ## - CATALOGING SOURCE |
| Original cataloging agency |
NLGGC |
| Language of cataloging |
dut |
| Transcribing agency |
NLGGC |
| Modifying agency |
TR-AnTOB |
| 041 ## - LANGUAGE CODE |
| Language code of text/sound track or separate title |
İngilizce |
| 050 00 - LIBRARY OF CONGRESS CALL NUMBER |
| Classification number |
HD8038.A1 |
| Item number |
S35 2013 |
| 090 ## - LOCALLY ASSIGNED LC-TYPE CALL NUMBER (OCLC); LOCAL CALL NUMBER (RLIN) |
| Classification number (OCLC) (R) ; Classification number, CALL (RLIN) (NR) |
HD8038.A1 S35 2013 |
| 100 1# - MAIN ENTRY--PERSONAL NAME |
| Personal name |
Schön, Donald A. |
| 9 (RLIN) |
94561 |
| 245 14 - TITLE STATEMENT |
| Title |
The reflective practitioner : |
| Remainder of title |
how professionals think in action / |
| Statement of responsibility, etc. |
Donald A. Schön. |
| 264 #1 - PRODUCTION, PUBLICATION, DISTRIBUTION, MANUFACTURE, AND COPYRIGHT NOTICE |
| Place of production, publication, distribution, manufacture |
Aldershot : |
| Name of producer, publisher, distributor, manufacturer |
Ashgate, |
| Date of production, publication, distribution, manufacture, or copyright notice |
2013 |
| 300 ## - PHYSICAL DESCRIPTION |
| Extent |
x, 374 pages; |
| Dimensions |
22 cm. |
| 504 ## - BIBLIOGRAPHY, ETC. NOTE |
| Bibliography, etc. note |
|
| 505 ## - FORMATTED CONTENTS NOTE |
| Formatted contents note |
I.Professional knowledge and reflection in action -- II.Professional contexts for reflection in action -- III.Conclusion. |
| 650 #0 - SUBJECT ADDED ENTRY--TOPICAL TERM |
| Topical term or geographic name entry element |
Professions |
| 9 (RLIN) |
20240 |
|
| Topical term or geographic name entry element |
Meslekler |
| Source of heading or term |
etuturkob |
| 9 (RLIN) |
94566 |
|
| Topical term or geographic name entry element |
Thought and thinking |
| 9 (RLIN) |
16621 |
|
| Topical term or geographic name entry element |
Düşünce ve düşünme |
| 9 (RLIN) |
123888 |
|
| Topical term or geographic name entry element |
Self-knowledge, Theory of |
| 9 (RLIN) |
94564 |
|
| Topical term or geographic name entry element |
Özbilgi teorisi |
| 9 (RLIN) |
94565 |
| 942 ## - ADDED ENTRY ELEMENTS (KOHA) |
| Koha item type |
Book |